Statistics for Former Country Names #1

Click here to take the quiz!

General Stats

  • This quiz has been taken 97 times
    (44 since last reset)
  • The average score is 8 of 10

Answer Stats

HintAnswer% Correct
BurmaMyanmar
95%
PersiaIran
93%
SwazilandEswatini
90%
SiamThailand
90%
Southern RhodesiaZimbabwe
85%
Northern RhodesiaZambia
83%
ZaireDemocratic Republic of Congo
80%
CeylonSri Lanka
73%
Upper VoltaBurkina Faso
66%
DahomeyBenin
56%

Score Distribution

Percentile by Number Answered

Percent of People with Each Score

Your Score History

You have not taken this quiz since the last reset